000 00506nam a2200181Ia 4500
005 20250326123633.0
008 250326s9999 xx 000 0 und d
037 _aTextbook
040 _aFMSL
_beng
_cFMSL
041 _aeng
_2eng
084 _aD658(B) K6
_qFMSL
100 _aPennington R H
_9735669
245 0 _aComputer methods and numberical analysis
_cPennington R H
260 _aNY
_bNY, MacMillan
_c1966
300 _a452p
942 _cTB
_hD658(B) K6
999 _c1270259
_d1270259